Кн. 2; Химическая технология неорганических веществ

Opis bibliograficzny
Parent link:Химическая технология неорганических веществ: в 2 кн./ Т. Г. Ахметов [и др.]; под ред. Т. Г. Ахметова. Кн. 2.— , 2002.— 5-06-004147-6
Język:rosyjski
Wydane: 2002
Hasła przedmiotowe:
Format: Książka
KOHA link:https://koha.lib.tpu.ru/cgi-bin/koha/opac-detail.pl?biblionumber=42304

MARC

LEADER 00000nam2a2200000 4500
001 42304
005 20231101210736.0
010 |a 5060043339 
035 |a (RuTPU)RU\TPU\book\43556 
090 |a 42304 
100 |a 20020829d2002 m y0rusy50 ca 
101 0 |a rus 
102 |a RU 
105 |a a j 000zy 
200 0 |a Кн. 2 
210 |d 2002 
215 |a 533 с.  |c ил. 
461 1 |0 (RuTPU)RU\TPU\book\44379  |y 5-06-004147-6  |t Химическая технология неорганических веществ  |o в 2 кн.  |o учебное пособие  |f Т. Г. Ахметов [и др.]  |g под ред. Т. Г. Ахметова  |v Кн. 2  |d 2002 
606 1 |a Химическая технология неорганических веществ  |2 stltpush  |3 (RuTPU)RU\TPU\subj\73684  |9 86545 
610 1 |a неорганические вещества 
610 1 |a мышьяк 
610 1 |a сера 
610 1 |a хром 
610 1 |a фтор 
610 1 |a хлор 
610 1 |a бром 
610 1 |a иод 
610 1 |a марганец 
610 1 |a железо 
610 1 |a кобальт 
610 1 |a никель 
610 1 |a соединения 
610 1 |a санитария 
610 1 |a промышленная безопасность 
610 1 |a учебные пособия 
675 |a 661.2/.6(075.8)  |v 3 
801 1 |a RU  |b 63413507  |c 20020829  |g PSBO 
801 2 |a RU  |b 63413507  |c 20201021  |g PSBO 
900 |a Теоретические основы технологии неорганических веществ 
900 |a Основные направления химической технологии неорганических веществ 
900 |a Химическая технология неорганических веществ 
900 |a Инновационное развитие химической технологии неорганических веществ 
942 |c BK 
959 |a 36/20090313  |d 30  |e 229,90  |f УФ:30 
959 |a 117/20120918  |d 10  |e 240,90  |f УФ:10